Presidents of Romania - Statistics

General Stats
  • This quiz has been taken 197 times
  • The average score is 5 of 6
Answer Stats
Hint Answer % Correct
(2014-Now) Klaus Iohannis
98%
(1974-1989) Nicolae Ceauşescu
93%
(2004-2014) Traian Băsescu
92%
(1989-1996) Ion Iliescu
90%
(2000-2004) Ion Iliescu
90%
(1996-2000) Emil Constantinescu
76%
No matching quizzes found
Score Distribution
Percent of People with Each Score
Percentile by Number Answered
Your Score History
You have not taken this quiz